Datum a čas kvízu
38.5
Celkem bodů
Celkový počet nahraných bodů na tomto kvízu bez doplňovacích otázek.
1.
Pořadí na kvízu
Konečné umístění týmu na tomto kvízu.
Zaznamenané odpovědi
| # | Otázka | Odpověď | Body | Výsledky |
|---|---|---|---|---|
| 1. | Vatikán minulé pondělí oznámil... | Stanislav Přibyl | 0 | |
| 2. | Jeden americký stát zasáhla vl... | Florida | 1 | |
| 3. | Jak se jmenuje festival zaměře... | D) P*fest | 0 | |
| 4. | Která fiktivní postava z fanta... | B) Draco Malfoy | 0 | |
| 5. | Německá olympionička Franziska... | A | 0 | |
| 6. | 17. února 1600 byl na Campo de... | Giordano Bruno | 1 | |
| 7. | 1. ledna 1700 jeden ruský car... | Petr I. Veliký | 1 | |
| 8. | Za kulatý letopočet budeme dne... | Burgtheater | 0 | |
| 9. | 19. března 1900 se v Paříži na... | Frédéric Joliot-Curie | 1 | |
| 10. | Od 15. září do 1. října 2000 s... | Štěpánka Hilgertová; Sydney | 0.5 |